Biochemical and biophysical perspectives in marine biology /

Bibliographic Details
Other Authors: Malins, Donald C., Sargent, John R.
Format: Book
Language:English
Published: London ; New York : Academic Press, 1974-1981.
Subjects:

MARC

Tag First Indicator Second Indicator Subfields
LEADER 00000cam a2200000 i 4500
001 in00000071879
005 20151008062435.0
008 750409m19741981enka b 00100 eng
010 |a  74005651  
015 |a GB*** 
020 |a 0124666019 (v. 1) 
035 |a (OCoLC)01338949 
035 |9 AAK0230AM 
040 |a DLC  |c DLC  |d CHS  |d m.c.  |d TXA  |d UtOrBLW 
049 |a TXAM  |c 1  |v 1 [1140117]  |v 2 [1374419]  |v 3 [1572802]  |v 4 [1501697]  |c 2  |v 1 [1374418] 
050 0 0 |a QL121  |b .B56 
082 0 |a 574.1/9/09162 
096 |a QL 121 B615 1974- 
245 0 0 |a Biochemical and biophysical perspectives in marine biology /  |c edited by D. C. Malins and J. R. Sargent. 
264 1 |a London ;  |a New York :  |b Academic Press,  |c 1974-1981. 
300 |a 4 volumes :  |b illustrations ;  |c 24 cm. 
336 |a text  |b txt  |2 rdacontent 
337 |a unmediated  |b n  |2 rdamedia 
338 |a volume  |b nc  |2 rdacarrier 
504 |a Includes bibliographies and index. 
650 0 |a Marine animals  |x Physiology. 
650 0 |a Marine biology. 
650 2 |a Marine Biology. 
700 1 |a Malins, Donald C. 
700 1 |a Sargent, John R. 
999 |a MARS 
999 f f |s 92dca79c-8ed0-3504-9a67-d4425f3f8c7c  |i 8e5495c5-dd59-3102-bb63-c0d40b5a082b  |t 0 
952 f f |p ric  |a Texas A&M University  |b Rellis Campus  |c Joint Library Facility  |s JLF  |d Remote Storage  |t 0  |e QL121 .B56  |h Library of Congress classification  |i unmediated -- volume  |k v.2  |m A14806220061 
952 f f |p ric  |a Texas A&M University  |b Rellis Campus  |c Joint Library Facility  |s JLF  |d Remote Storage  |t 0  |e QL121 .B56  |h Library of Congress classification  |i unmediated -- volume  |k v.1  |m A14806220053 
952 f f |p ric  |a Texas A&M University  |b Rellis Campus  |c Joint Library Facility  |s JLF  |d Remote Storage  |t 0  |e QL121 .B56  |h Library of Congress classification  |i unmediated -- volume  |k v.3  |m A14806220079 
952 f f |p ric  |a Texas A&M University  |b Rellis Campus  |c Joint Library Facility  |s JLF  |d Remote Storage  |t 0  |e QL121 .B56  |h Library of Congress classification  |i unmediated -- volume  |k v.4  |m A14806220087 
998 f f |a QL121 .B56  |s v.1-v.4  |t 0  |l Remote Storage